01435nam a2200277ui 450000100060000000300080000600500170001400800410003103500190007204000400009104100130013108200200014410000380016424501640020226000420036630000300040850400510043865000460048970000430053594200120057899900170059095201330060795201330074095201320087395201520100532912BD-RjUL20211209051920.0140429s1968 pk b 001 0 eng d a(BD-RjUL)33002 aOTUcOTUdPUdCStRLINdBD-RjULbeng1 aenghara a613.2bGHM 19680 aGhazzālī,d1058-1111.910004914aThe mysteries of fasting :bbeing a translation with notes of the Kitāb asrār al-ṣawm of al-Ghazzāli's Ihyā ʿulūm al-dīn /cby Nabih Amin Faris. aLahore :bSh. Muhammad Ashraf,c1968. aviii, 42 [2] p. ;c20 cm. aIncludes bibliographical references and index. 0aFastingxReligious aspectsxIslam91000501 aFaris, Nabih Amin,d1906-1968.9100051 2ddccBK c32912d32912 00102ddc40708NFICaRUCLbRUCLcStackd1968-10-14e Ashrafg4.00l0o613.2 GHM 1968r2014-04-29 00:00:00tC-2w2014-04-29yBK 00102ddc40718NFICaRUCLbRUCLcStackd1968-10-14e Ashrafg4.00l0o613.2 GHM 1968r2014-04-29 00:00:00tC-1w2014-04-29yBK 00102ddc40708NFICaRUCLbRUCLcStackd1968-10-14eAshrafg4.00l0o613.2 GHM 1968r2014-04-29 00:00:00tC-3w2014-04-29yBK 00102ddc40708NFICaRUCLbRUCLcStackd1969-09-18ePark. American Communicateg4.00l0o613.2 GHM 1968r2014-05-29 00:00:00tC-4w2014-05-29yBK